000 00746nam a2200217 a 4500
999 _c10272
_d10272
001 10272
003 BD-JhCC
005 20180422190409.0
008 180422s2018 bg a|||| |||| 000 0 ben d
020 _a9789849187004
035 _a(BD-JhCC)10272
040 _aBD-JhCC
_dBD-JhCC
041 _aben
082 _a520
_bPAL 2018
100 _aপাল, ড. নিশীথ কুমার
245 _aরহস্যে ঘেরা মহাকাশ /
_cড. নিশীথ কুমার পাল,
260 _aঢাকা :
_bসরবৃত্ত প্রকাশন,
_c২০১৮.
300 _a২০৭ পৃ. :
_bচিত্রবলী সংযোজিত,
_c২০ সেমি
650 _aSpace
942 _2ddc
_cBK